000 03714nam a22002177a 4500
003 GR-AtMCL
005 20260114112547.0
006 a|||||r|||||||||||
008 191121s2019|||| g ||| gre d
020 _a9789606271250
040 _bgre
_aGR-AtMCL
_dGR-AtMCL
_eAACR2
100 1 _aΒασιλειάδης, Γρηγόρης
_94125
245 0 0 _aΕξομολογήσεις ενός ψυχοθεραπευτή /
_cΓρηγόρης Βασιλειάδης
260 _aΘεσσαλονίκη :
_bΕκδόσεις iWrite,
_c2019
300 _a323 σ. ;
_c21 εκ.
520 _aΑυτό το βιβλίο αυτογνωσίας που κρατάτε στα χέρια σας είναι «παιδί» της ειλικρινούς επιθυμίας για μια εκ βαθέων «εξομολόγηση». Την «εξομολόγηση» ενός έμπειρου ψυχοθεραπευτή που χρησιμοποιεί την αυθεντικότητα και την αυτοαποκάλυψη ως βασικά εργαλεία για να συναντήσει ο αναγνώστης στις σελίδες του τον βαθύτερό του εαυτό. Είναι μια «ερωτική» ιστορία για τη Ζωή, το Νόημα και τη Σχέση. Ένα ημερολόγιο με αποκαλυπτικά γεγονότα, μνήμες, όνειρα, κι επιγνώσεις, από τη θέση του θεραπευόμενου και του θεραπευτή. Και, όπως κάθε παρόμοια ιστορία, κρύβει στο βάθος της στιγμές γαλήνης ή πάθους, επιβεβαίωσης ή διάψευσης μεγαλείου και απόγνωσης. Είναι ένα βιβλίο εύληπτο και πολυσήμαντο, που περιγράφει με απλά λόγια τη συναρπαστική περιπέτεια της συνάντησης με τον Εαυτό και τον Άλλον και απλώς ζητά από τον αναγνώστη να διαβαστεί με νου και παράλληλα με ψυχή. Στις σελίδες του συναντά κανείς αλήθειες, που αγγίζουν την καρδιά, «σκάβουν» τον νου και διευρύνουν την αυτογνωσία. Αλήθειες που πληγώνουν τον ναρκισσισμό, και ταυτόχρονα απελευθερώνουν μέσα μας αυτό το κομμάτι που θέλει να προχωρήσει σε ουσιαστικές αλλαγές και υπερβάσεις. Ο συγγραφέας, φωτογραφίζοντας στιγμιότυπα της ζώσας ψυχοθεραπευτικής διεργασίας, αποτυπώνει τους τρόπους με τους οποίους αντιμετωπίζει, πλησιάζει θεραπευτικά, και κατανοεί τους ανθρώπους που ζητούν βοήθεια. Δεν θέλει να ανακουφίσει παρηγορώντας τις πληγές, θέλει να τις εκθέσει και να αναδείξει τα τραύματα της ανθρώπινης ψυχής ως πηγές ψυχογνωσίας και υπαρξιακής ελευθερίας κι ολοκλήρωσης. Ένα βιβλίο γραμμένο βιωματικά που προτρέπει τους αναγνώστες του στην επίμονη αναζήτηση της βαθύτερης εσωτερικής εμπειρίας.
650 0 _aΨυχολογία
_99898
653 _aΛογοτεχνία
942 _cBK
999 _c10047
_d10047